• 首页
  • 本馆介绍
  • 公告通知
  • 最新文献
  • 馆藏检索
  • 电子资源
  • 读者导购
  • 参考咨询
  • 我的图书馆
  • 登录
  • 详细信息显示
  • 放入我的书架
  • 预约/预借图书
  • 作者相关作品
  • 分类相关作品
  • 丛书相关作品
  • 出版社相关作品

书目信息

  • 表格格式
  • 工作单格式
  • 卡片格式
题名:
当代运动与艺术潮流
    
 
作者: 宋晗 编著
分册:   亚洲建筑卷
出版信息: 长春   吉林出版集团有限责任公司  2015
页数: 216页
开本: 23cm
丛书名:
单 册:
中图分类: J-49
科图分类:
主题词: 文化--Wen Hua--通俗读物 , 建筑艺术--Jian Zhu Yi Shu--介绍--亚洲
电子资源:
ISBN: 978-7-5534-6771-9
000 00883nam 2200265 450
001 012001003995
005 20191122081647.39
010    @a978-7-5534-6771-9@dCNY28.00
099    @aCAL 012016155915
100    @a20160830d2015 ekmy0chiy50 ea
101 0  @achi
102    @aCN@b220000
105    @aa z 000yy
106    @ar
200 1  @a当代运动与艺术潮流@ADang Dai Yun Dong Yu Yi Shu Chao Liu@i亚洲建筑卷@f宋晗编著
210    @a长春@c吉林出版集团有限责任公司@d2015
215    @a216页@c图@d23cm
330    @a本书介绍亚洲建筑艺术,内容包括建筑史、亚洲建筑史、东亚建筑、东南亚建筑、韩国建筑、斯里兰卡建筑、柬埔寨建筑、伊拉克建筑等。
517 1  @a亚洲建筑卷
606 0  @a文化@AWen Hua@j通俗读物
606 0  @a建筑艺术@AJian Zhu Yi Shu@x介绍@y亚洲
690    @aJ-49@v4
701  0 @a宋晗@ASong Han@4编著
801    @b江苏凤凰@c20191020
905    @b1237599-604@dJ-49@e66@f6
    
    当代运动与艺术潮流.亚洲建筑卷/宋晗编著.-长春:吉林出版集团有限责任公司,2015
    216页:图;23cm
    
    
    ISBN 978-7-5534-6771-9:CNY28.00
    本书介绍亚洲建筑艺术,内容包括建筑史、亚洲建筑史、东亚建筑、东南亚建筑、韩国建筑、斯里兰卡建筑、柬埔寨建筑、伊拉克建筑等。
●
相关链接 在E读中查询图书 在五车中查询图书 在当当中查询图书 在豆瓣中查询图书


正题名:当代运动与艺术潮流     索取号:J-49/66         预约/预借

序号 登录号 条形码 馆藏地/架位号 状态 备注
1 1237599   212375990   第一样本阅览室/ [索取号:J-49/66] 在馆    
2 1237600   212376007   教育系资料室/ [索取号:J-49/66] 在馆    
3 1237601   212376016   教育系资料室/ [索取号:J-49/66] 在馆    
4 1237602   212376025   第一借阅区/ [索取号:J-49/66] 在馆    
5 1237603   212376034   第一借阅区/ [索取号:J-49/66] 在馆    
6 1237604   212376043   第一借阅区/ [索取号:J-49/66] 在馆    
唐山师范学院图书馆 欢迎您!
大连网信软件有限公司© 版权所有